| 000 | 00737nam a22002177a 4500 | ||
|---|---|---|---|
| 003 | 0 | ||
| 005 | 20250826154020.0 | ||
| 008 | 250826b xxu||||| |||| 00| 0 eng d | ||
| 020 | _a978-1-032-57998-6 | ||
| 050 |
_aGV 1469.34.D52 _b.T68 2025 |
||
| 100 |
_aTotten, Christopher W., _eauthor. |
||
| 245 |
_aWorld design for 2d action-adventures / _cChristopher W. Totten and Adrian Sandoval. |
||
| 260 |
_aBoca Raton, FL : _bCRC Press, _c2025. |
||
| 300 |
_axv, 248 pages : _billustrations ; _c26 cm. |
||
| 504 | _aIncludes bibliographical references and index. | ||
| 650 |
_aVideo games _xDesign. |
||
| 650 | _aLevel design (Video games). | ||
| 650 | _aAdventure video games. | ||
| 700 |
_aSandoval, Adrian, _eauthor. |
||
| 942 |
_2lcc _cBK |
||
| 999 |
_c367621 _d367621 |
||